000 00406nam a22001337a 4500
008 150113b xxu||||| |||| 00| 0 eng d
050 _aSPC DT30.5. P273
100 _aSenghor, Leopold Sedar
_913859
245 _aCongres Constitutif Du Parti de la Federation Africaine
260 _aDakar
_bP.F.A
_c1959
300 _a120p.
_c25cm.
610 _aParti de la Federation Africaine
_913860
942 _2lcc
_cSPC
999 _c121634
_d121634